Ultimatives Hessen Quiz - Statistiken

Allgemein
  • Dieses Quiz wurde 109 mal gespielt
  • Das Durchschnittsergebnis liegt bei 32 aus 56
Antwortstatistiken
Kategorie Antwort % Korrekt
S Größte Stadt Frankfurt
100%
P Nachbarländer Baden-Württemberg
99%
P Bayern
99%
P Thüringen
99%
S Hauptstadt Wiesbaden
99%
P Nordrhein-Westfalen
98%
P Kassel
95%
G Flüsse (die größten)Tipp: Im Namen mancher Landkreise Rhein
95%
P Niedersachsen
94%
S Weitere Städte über 50k Einwohner Offenbach
88%
P Rheinland-Pfalz
88%
B Brüder, erstellten Märchensammlungund erste Wörterbücher Gebrüder Grimm
87%
S Fulda
85%
G Fulda
85%
G Main
84%
P Regierungsbezirke Darmstadt
83%
P Gießen
83%
F Alle Fußball Bundesligisten jemals(Vereinsname nicht Stadtname) Eintracht Frankfurt
82%
G Lahn
75%
B Dichter und Schriftsteller Johann Wolfgang von Goethe
73%
B Vierfacher und jüngster Formel-1 Weltmeister Sebastian Vettel
73%
B Jüdin bekannt durch ihre Geschichte Anne Frank
72%
G Rhön
69%
S Marburg
68%
S Hanau
67%
G Werra
63%
G Gebirge (Größere ausschließlich hessische) Taunus
60%
F Kickers Offenbach
58%
O RMV
58%
G Größter Berg Wasserkuppe
56%
F SV Darmstadt 98
52%
G Weser
47%
G Dill
45%
G Eder
45%
F Verein niemals über die 2. Liga gekommen Wehen Wiesbaden
45%
B Mehrfacher Grammy-Preisträger als Filmkomponist Hans Zimmer
43%
G Odenwald
42%
S Rüsselsheim
42%
G Vogelsberg
41%
S Wetzlar
40%
G Kinzig
35%
S Bad Homburg
34%
B Bergpark Wilhelmshöhe/Herkules Statue
31%
B Nationalpark Kellerwald-Edersee
30%
G Nidda
24%
O Verkehrsverbunde(Abkürzungen) NVV
24%
B Bekannter Fußballspieler und TrainerWeltmeister 1990, Torschützenkönig 1983 Rudi Völler
24%
G Schwalm
20%
B Grube Messel
14%
B UNESCO-Weltkulturerben Hessens Mathildenhöhe
14%
O VRN
13%
G Knüll
12%
B Kloster Lorsch
9%
B Obergermanisch -Raetischer Limes
6%
B Oberes Mittelrheintal
3%
G Teil Nordhessen bekannt für die Vegetation Waldhessen
2%
Keine übereinstimmenden Quizze gefunden
Verteilung der Resultate
Anzahl Personen mit jedem Resultat
Perzentil nach korrekt beantworteten Fragen
Ihre Resultats-Entwicklung
Sie haben dieses Quiz noch nicht gespielt